| 000 | 00501 a2200193 4500 | ||
|---|---|---|---|
| 001 | 068679 | ||
| 003 | OSt | ||
| 005 | 20220311165213.0 | ||
| 008 | |||
| 082 |
_a519.55 _bB78T |
||
| 100 | 1 | _aBrockwell, Peter J. | |
| 245 | 1 |
_aTime series _cby Peter J. Brockwell and Richard A. Davis |
|
| 250 | _a2nd ed. | ||
| 260 |
_aNew Delhi _bSpringer _c2009 |
||
| 300 | _a577p. | ||
| 653 | _aTime-series analysis; Statistics | ||
| 700 | _aDavis,Richard A. | ||
| 942 |
_2ddc _cBK |
||
| 999 |
_c2332 _d2332 |
||